| 000 | 01255nmm a2200313 i 4500 | ||
|---|---|---|---|
| 001 | 195433 | ||
| 003 | RBPG | ||
| 005 | 20240614063022.0 | ||
| 007 | co ng a u | ||
| 008 | 240612s2009 sp spa d | ||
| 040 |
_aBPO _bglg _cES-MaACL |
||
| 080 |
_a372.881(086) _2[2000] |
||
| 245 | 0 | 0 |
_aEnseñar y aprender lenguas extranjeras _h[Recurso electrónico] / _cRosa Aliaga. |
| 260 |
_a[Barcelona] : _bWolters Kluwer España, _c[2009] |
||
| 300 |
_a1 disco compacto (CD-ROM) ; _bson. col. ; _c12 cm. |
||
| 336 |
_2rdacontent _atexto |
||
| 337 |
_2rdamedia _asin mediación |
||
| 338 |
_2rdacarrier _avolumen |
||
| 490 | 1 | _aCuadernos de pedagogia | |
| 500 | _aDistribuido con la revista Cuadernos de Pedagogía. | ||
| 538 | _aRequisitos recomendados: Windows 9x/NT; Internet Explorer 5.5 ou superior; Procesador Pentium; Memoria RAM 64 Mb; resolución e configuración de pantalla 1024x/768 a cor i | ||
| 650 | 4 |
_aLenguas modernas- _xDidáctica _914363 |
|
| 700 | 1 |
_aAliaga, Rosa. _9236954 |
|
| 830 |
_9183997 _aCuadernos de pedagogía (CD-ROM) |
||
| 852 |
_aES-MaACL _cROT _jROT 6/3/8 _9203456 |
||
| 942 |
_n0 _00 _2udc _cCDROM |
||
| 999 |
_c195433 _d195433 |
||